000 00287nam a22001337a 4500
008 170615b xxu||||| |||| 00| 0 eng d
020 _a9780618052028
041 _aeng
080 _28TH
_a32
100 _a19
101 _aSHP
245 _aGLOBAL POLITICS
_cRAY, J.L
942 _2udc
_cBK
999 _c17552
_d17552